000 01212cam a2200301 a 4500
001 3526097
003 OSt
005 20171107141409.0
008 961009s1997 enka b 000 0 eng
010 _a 96037026
020 _a0521573548 (hardback)
040 _aDLC
_cDLC
_dDLC
082 _a332
_bNUM 1997
245 0 0 _aNumerical methods in finance /
_cedited by L.C.G. Rogers and D. Talay.
260 _aCambridge ;
_aNew York :
_bCambridge University Press,
_c1997.
300 _ax, 326 p. :
_bill. ;
_c24 cm.
440 0 _aPublications of the Newton Institute
_99877
504 _aIncludes bibliographical references.
650 0 _aFinance
_xMathematical models.
_912241
700 1 _aRogers, L. C. G.
_912242
700 1 _aTalay, D.
_q(Denis)
_912243
856 4 1 _3Sample text
_uhttp://www.loc.gov/catdir/samples/cam031/96037026.html
856 4 2 _3Publisher description
_uhttp://www.loc.gov/catdir/description/cam028/96037026.html
856 4 1 _3Table of contents
_uhttp://www.loc.gov/catdir/toc/cam027/96037026.html
906 _a7
_bcbc
_corignew
_d1
_eocip
_f19
_gy-gencatlg
942 _2ddc
_cO_SHELF
999 _c5875
_d5875